Statistiche per Bandiere del Mondo - Africa Quiz n°1

Clicka qui per fare il quiz!

Statistiche generali

  • Questo quiz è stato fatto 72 volte
  • Il punteggio medio è 13 su 18

Statistiche sulle risposte

Risposta% Corretto
Kenya
92%
Nigeria
90%
Tunisia
90%
Camerun
85%
Somalia
85%
Liberia
77%
Burkina Faso
75%
Repubblica Democratica del Congo
75%
Capo Verde
71%
Botswana
69%
Sudan
69%
Eritrea
67%
eSwatini
67%
Mozambico
65%
Sierra Leone
65%
Zambia
65%
Ruanda
60%
Guinea-Bissau
44%

Distribuzione punteggi

Percentile per numero di risposta

Percentuale di utenti per punteggio

I tuoi punteggi nel tempo

Non hai fatto questo quiz